Vikas treasure of stories : (Record no. 61513)

MARC details
000 -LEADER
fixed length control field 02363nam a22003137a 4500
005 - DATE AND TIME OF LATEST TRANSACTION
control field 20120125161414.0
010 ## - LCCN (DPL NO)
LC control number B-481494-503
020 ## - INTERNATIONAL STANDARD BOOK NUMBER
International Standard Book Number 9788124303139
Terms of availability 45.00
035 ## - SYSTEM CONTROL NUMBER
System control number B-481494-503
037 ## - SOURCE OF ACQUISITION
Stock number dpl
Source of stock number/acquisition Blue Berry/Ven
082 ## - DEWEY DECIMAL CLASSIFICATION NUMBER
Classification number S
245 ## - TITLE STATEMENT
Title Vikas treasure of stories :
Statement of responsibility, etc compiled and edited by S.D.Mulgaonkar; illustrated by John Fernandes
Remainder of title sunflower book /
260 ## - PUBLICATION, DISTRIBUTION, ETC. (IMPRINT)
Place of publication, distribution, etc New Delhi
Name of publisher, distributor, etc Navneet Publications
270 ## - ADDRESS
Address 2-E/23, Orion Plaza, 2nd Floor Jhandewalan Extn.,
City New Delhi
Postal code 110055
300 ## - PHYSICAL DESCRIPTION
Extent 32p.
Other physical details col.ill
Dimensions 27cm(pbk)
700 ## - ADDED ENTRY--PERSONAL NAME
9 (RLIN) 40167
942 ## - ADDED ENTRY ELEMENTS (KOHA)
Source of classification or shelving scheme Dewey Decimal Classification
Item type Children Books
Classification part S
Call number suffix VIK
Holdings
Withdrawn status Lost status Not for loan Collection code Home library Current library Date acquired Source of acquisition Cost, normal purchase price Full call number Barcode Copy number Cost, replacement price Koha item type
      Fiction Bagh Kadhe Khan Bagh Kadhe Khan 16/10/2012 Blue Berry/IN8485/14.04.2012/43/20.03.2012/19.06.2012 45.00 S VIK B-481502 1 45.00 Children Books
      Fiction Central Jail Tihar Central Jail Tihar 16/10/2012 Blue Berry/IN8485/14.04.2012/43/20.03.2012/19.06.2012 45.00 S VIK B-481498 1 45.00 Children Books
      Fiction Janak Puri Janak Puri 16/10/2012 Blue Berry/IN8485/14.04.2012/43/20.03.2012/19.06.2012 45.00 S VIK B-481499 1 45.00 Children Books
      Fiction Karol Bagh Karol Bagh 16/10/2012 Blue Berry/IN8485/14.04.2012/43/20.03.2012/19.06.2012 45.00 S VIK B-481500 1 45.00 Children Books
      Fiction Kasturba Gandhi Marg Kasturba Gandhi Marg 16/10/2012 Blue Berry/IN8485/14.04.2012/43/20.03.2012/19.06.2012 45.00 S VIK B-481495 1 45.00 Children Books
      Fiction Narela Narela 16/10/2012 Blue Berry/IN8485/14.04.2012/43/20.03.2012/19.06.2012 45.00 S VIK B-481503 1 45.00 Children Books
      Fiction New Rohtak Road New Rohtak Road 16/10/2012 Blue Berry/IN8485/14.04.2012/43/20.03.2012/19.06.2012 45.00 S VIK B-481501 1 45.00 Children Books
      Fiction Patel Nagar Patel Nagar 16/10/2012 Blue Berry/IN8485/14.04.2012/43/20.03.2012/19.06.2012 45.00 S VIK B-481494 1 45.00 Children Books
      Fiction Peshwa Road Peshwa Road 16/10/2012 Blue Berry/IN8485/14.04.2012/43/20.03.2012/19.06.2012 45.00 S VIK B-481496 1 45.00 Children Books
      Fiction Tri Nagar Tri Nagar 16/10/2012 Blue Berry/IN8485/14.04.2012/43/20.03.2012/19.06.2012 45.00 S VIK B-481497 1 45.00 Children Books

© Delhi Public Library
Hit Counter
free hit counter